[Event "SVK-chT4 A22 1314"]
[Site "Slovakia"]
[Date "2013.11.17"]
[Round "4.4"]
[White "Moravec, Milan"]
[Black "Sottnik, Filip"]
[Result "1/2-1/2"]
[WhiteElo "1637"]
[BlackElo "1622"]
[PlyCount "37"]
[EventDate "2013.10.06"]
[EventType "team-tourn"]
[EventRounds "11"]
[EventCountry "SVK"]
[SourceTitle "EXT 2015"]
[Source "ChessBase"]
[SourceDate "2014.11.20"]
[SourceVersion "1"]
[SourceVersionDate "2014.11.20"]
[SourceQuality "1"]
[WhiteTeam "Trnava Lokomotiva IV"]
[BlackTeam "Trnava Lokomotiva V"]
[WhiteTeamCountry "SVK"]
[BlackTeamCountry "SVK"]

1. d4 Nf6 2. c4 e6 3. Nc3 Be7 4. Bg5 h6 5. Bh4 0-0 6. e3 b6 7. Nf3 Bb7 8. Be2 d5 9. cxd5 Nxd5 10. Bxe7 Qxe7 11. Rc1 Nf6 12. 0-0 Nbd7 13. a3 c5 14. dxc5 Nxc5 15. b4 Rfd8 16. Qc2 Nce4 17. Rfd1 Rac8 18. Qb2 Nxc3 19. Rxd8+ 1/2-1/2

[Event "SVK-chT4A21 1213"]
[Site "Slovakia"]
[Date "2013.03.17"]
[Round "11.4"]
[White "Piestansky, Jan"]
[Black "Sottnik, Filip"]
[Result "1/2-1/2"]
[WhiteElo "1588"]
[BlackElo "1503"]
[PlyCount "94"]
[EventDate "2012.10.14"]
[EventType "team-tourn"]
[EventRounds "11"]
[EventCountry "SVK"]
[SourceTitle "EXT 2022"]
[Source "ChessBase"]
[SourceDate "2021.10.06"]
[SourceVersion "1"]
[SourceVersionDate "2021.10.06"]
[SourceQuality "1"]
[WhiteTeam "Chtelnica Kamenar"]
[BlackTeam "Trnava Lokomotiva Jun"]
[WhiteTeamCountry "SVK"]
[BlackTeamCountry "SVK"]

1. e4 e5 2. Nf3 Nc6 3. Bc4 Bc5 4. c3 Nf6 5. d3 d6 6. h3 Qe7 7. Be3 Be6 8. Bb5 Bd7 9. Ba4 h6 10. Qe2 Na5 11. Bc2 Bxe3 12. fxe3 Nh5 13. Qf2 0-0 14. Nbd2 b5 15. Nb3 Nc6 16. a3 a5 17. 0-0 Nf6 18. Nh4 Nh7 19. Nf5 Qg5 20. Qg3 Qxg3 21. Nxg3 Ne7 22. Rf2 c5 23. Nd2 Ng5 24. Nf3 Nxf3+ 25. Rxf3 f6 26. Nf5 Nxf5 27. exf5 Rfb8 28. d4 b4 29. Bb3+ Kf8 30. Bd5 Ra7 31. axb4 cxb4 32. cxb4 Rxb4 33. dxe5 dxe5 34. b3 a4 35. bxa4 Rbxa4 36. Rxa4 Rxa4 37. e4 Bb5 38. Re3 Rd4 39. Kf2 Rd2+ 40. Kg1 Rd1+ 41. Kh2 Rd2 42. Rc3 Ke7 43. Rc7+ Bd7 44. Ra7 Kd8 45. Ra8+ Bc8 46. Ra7 Bd7 47. Ra8+ Bc8 1/2-1/2